Responses for Show #8835 - Friday, March 24, 2023

Contestants

[<< previous game]

Michael Murphy, a test engineer from Gilroy, California

Tamara Ghattas, an editor from Chicago, Illinois

Alec Chao, a management and program analyst from Fort Lauderdale, Florida (whose 1-day cash winnings total $15,505)

[next game >>]

Jeopardy! Round responses

U.S. METROPOLITAN PARTNERS
CATS: THE NON-MUSICAL
FINNISH HIM!
WHAT'LL IT "B"?
CHANGE A LETTER
(Ken: Each response is two words.)
THE WWE
(Triple H: Hey, this The Game, Triple H and with my fellow WWE superstars, I'll bring you clues about the past and present of WWE.)
    $200 9
Boston

Michael
    $200 15
a cheetah

Tamara
    $200 4
Santa Claus

Michael
    $200 6
Baileys

Michael
    $200 14
(Tamara: What is... pal and I don't know.)
(Alec: What is pal and pan?)

mate & maze

AlecTamara
Triple Stumper
    $200 1
(Ken: [After the category reveal] I bet you didn't think that was gonna happen.)
[Laughter]

André the Giant

Alec
    $400 10
Chicago

Michael
    $400 19
(Ken: Yes, it was Siam then.)

Siamese

Alec
    $400 5
hockey

Alec
    $400 7
Bacardi

Alec
    $400 26
(Tamara: [Sighs] What is a mixer... and a sixer?)
...
(Tamara: I'm not doing this anymore.)
[Ken chuckles.]

a miler & a mixer

Tamara
Triple Stumper
    $400 30
(Ken: Correct, that's a three count for the Jeopardy! Round...)

Guardians of the Galaxy

Alec
    $600 11
Las Vegas

Alec
    $600 8
a saber-toothed tiger

Michael
    $600 2
Nokia

Alec
    $600 13
brandy

Alec
    $600 22
(Michael: Oh, no.)
(Tamara: What are hem and gem?)

hem & hex

AlecTamaraMichael
    $600 23
Lucha Libre

Alec
    $800 12
Nashville

Alec
    $800 16
calico

Alec
    $800 17
Sunni & Shia

Tamara
    $800 21
bitters

Alec
    $4,000 27
jilt & kilt

Michael
    $800 20
a smackdown

Michael
    $1000 3
(Tamara: What is Georgia?)

Atlanta

TamaraMichael
    $1000 18
Manx

Michael
    $1000 25
Sibelius

Michael
    $1000 24
bourbon

Tamara
    $1000 28
quality & duality

Triple Stumper
    $1000 29
King of the Ring

Tamara

Scores at the first commercial break (after clue 15):

Alec Tamara Michael
$3,400 -$1,000 $2,600

Scores at the end of the Jeopardy! Round:

Alec Tamara Michael
$7,000 $800 $8,800

Double Jeopardy! Round responses

THE FOG OF WAR
BEFORE & ACTORS
AT REST IN WESTMINSTER ABBEY
U.S. COLLEGES
REJECTED AUTHORS
6-LETTER RHYMERS
(Ken: Each response will be 2 syllables that rhyme with each other, like "Voodoo".)
    $400 15
York

Tamara
    $400 17
Matt Damon Wayans

Triple Stumper
    $400 13
organist

Alec
    $400 2
Dartmouth

Alec
    $400 3
Animal Farm

Tamara
    $400 18
a burner

Alec
    $800 16
the Aleutians

Alec
    $800 14
Gettysburg College

Triple Stumper
    $800 6
The Good Earth

Tamara
    $800 26
Tex-Mex

Alec
    $2,400 12
the East River

Tamara
    $1200 10
Jeffrey Dean Morgan Freeman

Triple Stumper
    $1200 23
(Tamara: What is Constantinople?)
(Michael: What is Gallipoli?)

Jerusalem

TamaraMichael
Triple Stumper
    $1200 1
Minnesota

Alec
    $1200 5
Mame

Michael
    $1200 20
peewee

Tamara
    $1600 19
the North Sea

Tamara
    $1600 11
(Alec: Who is Michael B. Jordan?)

Michael B. Jordan Peele

Alec
Triple Stumper
    $3,000 25
(Ken: With less than a minute to play.)

(Lord) Kelvin

Tamara
    $1600 8
Whittier College

Triple Stumper
    $1600 4
(Tamara: Who is Kipling?)
(Michael: [*].)
[Ken does not rule.]
(Michael: [*]?)

Thor Heyerdahl

TamaraMichael
Triple Stumper
    $1600 21
(Alec: What is powwow?)

hobnob

Alec
Triple Stumper
    $2000 24
Lookout Mountain

Triple Stumper
    $2000 27
[The end-of-round signal sounds.]

Gladstone

Tamara
    $2000 9
Smith

Tamara
    $2000 7
Tony Hillerman

Triple Stumper
    $2000 22
Pinyin

Tamara

Scores at the end of the Double Jeopardy! Round:

Alec Tamara Michael
$7,800 $13,800 $7,200

[wagering suggestions for these scores]

Final Jeopardy! Round responses

SYMBOLS
(Ken: [To Tamara] Yes, the [*] symbol or as in, made to feel [*].)
MichaelWhat is subdivision?
$6,601
AlecWhat is inequality?
$4,801
TamaraWhat is less than?
$1,801
less than

Final scores:

Alec Tamara Michael
$2,999 $15,601 $599
2nd place: $2,000 New champion: $15,601 3rd place: $1,000

Game dynamics:

Coryat scores:

Alec Tamara Michael
$7,800 $11,200 $4,000
19 R,
3 W
14 R
(including 2 DDs),
6 W
11 R
(including 1 DD),
3 W

Combined Coryat: $23,000

[game clues] [game scores] [suggest correction]

Game tape date: 2023-01-10
The J! Archive is created by fans, for fans. Scraping, republication, monetization, and malicious use prohibited; this site may use cookies and collect identifying information. See terms. The Jeopardy! game show and all elements thereof, including but not limited to copyright and trademark thereto, are the property of Jeopardy Productions, Inc. and are protected under law. This website is not affiliated with, sponsored by, or operated by Jeopardy Productions, Inc. Join the discussion at JBoard.tv.